Energetická náročnosť výroby potravín

Salvato in:
Dettagli Bibliografici
Autore principale: Podolák, Alojz
Natura: Libro
Lingua:slovacco
Pubblicazione: Bratislava Príroda 1987
Edizione:1. vyd.
Serie:Ekonomika poľnohospodárstva
Tags: Aggiungi Tag
Nessun Tag, puoi essere il primo ad aggiungerne!!

MARC

LEADER 00000nam a2200000 4500
001 c033102
005 20221219094503.8
041 0 |a slo 
044 |a SK 
245 1 0 |a Energetická náročnosť výroby potravín  |c Alojz Podolák 
250 |a 1. vyd. 
264 1 |a Bratislava  |b Príroda  |c 1987 
300 |a 140 s. 
490 1 |a Ekonomika poľnohospodárstva 
830 0 |a Ekonomika poľnohospodárstva 
100 1 |a Podolák, Alojz